| 000 | 00557nam a2200169 a 4500 | ||
|---|---|---|---|
| 001 | 000020761 | ||
| 005 | 20200930011145.0 | ||
| 008 | 100813s2015 dr 000 0 ita d | ||
| 020 | _a9789945588620 | ||
| 040 |
_aDO-SdBNP _bspa _cBNPHU |
||
| 082 |
_axxxxxxxx _bxxxxxxxx |
||
| 100 | 1 |
_aGil Soto, Juana J., _d1978- _943518 |
|
| 245 | 1 | 0 |
_aEl abecedario en animalandia / _cJuana J. Gil Soto. |
| 260 |
_aSanto Domingo : _bMinisterio de Cultura, _c2015. |
||
| 300 |
_a44 p. ; _c23 cm. |
||
| 500 | _aIncluye datos biográficos de la autora en la solapa de la cubierta | ||
| 999 |
_c20265 _d20265 |
||